Stolice Ameryki Północnej - Statystyki

Ogólne statystyki
  • Ten quiz został rozwiązany 53 razy
  • Średni wynik to 12 z 23
Odpowiedzi na mapie
Odpowiedzi zakodowano w zielono-czerwonej skali na mapie do tego quizu, zgodnie z poniższymi procentami.
 
Statystyki odpowiedzi
Odpowiedź % Poprawnych
Meksyk
96%
Ottawa
96%
Waszyngton
96%
Hawana
68%
Panama
68%
San Salvador
68%
Gwatemala
64%
Kingston
64%
Tegucigalpa
61%
Belmopan
57%
Managua
54%
Port-au-Prince
54%
Santo Domingo
54%
San José
50%
Nassau
46%
Port Of Spain
29%
Bridgetown
21%
Castries
21%
Kingstown
21%
Saint John's
21%
Basseterre
18%
Roseau
18%
Saint George's
18%
Nie znaleziono quizów pasujących do podanych kryteriów
Rozkład punktacji
Procent ludzi z każdym wynikiem
Percentyl według liczby udzielonych odpowiedzi
Twoja historia wyników
Nie rozwiązałeś tego quizu